| 000 | 01760 a2200217 4500 | ||
|---|---|---|---|
| 999 |
_c7829 _d7829 |
||
| 020 | _a9780521199438 (hbk.) | ||
| 020 | _a0521199433 (hbk.) | ||
| 020 | _a9780521124676 (pbk.) | ||
| 020 | _a0521124670 (pbk.) | ||
| 050 | 0 | 0 | _aKD1554AND2011 |
| 100 | 1 | _aAndrews, Neil | |
| 245 | 1 | 0 |
_aContract law / _cNeil Andrews. |
| 264 |
_aN ew York: _bCambridge University Press, _cc2011 |
||
| 300 | _axlviii, 748 p. ; | ||
| 500 | _aPt. I. Introduction -- Main features of contract law -- Pt. II. Formation -- The pre-contractual phase -- Offer and acceptance -- Certainty -- Pt. III. Consideration and intent to create legal relations -- Consideration and estoppel -- Intent to create legal relations -- Pt. IV. Third Parties and assignment -- Third parties -- Assignment -- Pt. V. Vitiating elements -- Misrepresentation -- Mistake -- Duress, undue influence, and unconscionability -- Pt. VI. Terms and Interpretation -- Terms in general -- Implied terms -- Interpretation and rectification of written contracts -- Exclusion clauses -- Pt. VII. Breakdown and liability -- Frustration -- Breach and performance -- Pt. VIII. Remedies for Breach -- Judicial remedies for breach of contract -- Consensual remedies for breach of contract : liquidated damages and deposits -- Pt. IX. Illegality and Public Policy -- Illegality and public policy -- Pt. X. The future -- International and European 'soft law' codes : lessons for English law? | ||
| 504 | _aIncludes bibliographical references (p. 697-723) and index. | ||
| 650 | 0 | _aContracts | |
| 856 | 4 | 2 |
_3Cover image _uhttp://assets.cambridge.org/97805211/99438/cover/9780521199438.jpg |
| 942 |
_2lcc _cBK _h1554 _iAND _kKD |
||